ARRUPE JESUIT UNIVERSITY

CORONAVIRUS -STOP THE SPREAD - CLEAN,DISINFECT,COVER

Rethinking truth / (Record no. 128553)

MARC details
000 -LEADER
fixed length control field 01301cam a22003494a 4500
001 - CONTROL NUMBER
control field 14774337
003 - CONTROL NUMBER IDENTIFIER
control field ARRUPE
005 - DATE AND TIME OF LATEST TRANSACTION
control field 20181116114014.0
008 - FIXED-LENGTH DATA ELEMENTS--GENERAL INFORMATION
fixed length control field 070319s2006 sa a b 001 0 eng
010 ## - LIBRARY OF CONGRESS CONTROL NUMBER
LC control number 2007363011
020 ## - INTERNATIONAL STANDARD BOOK NUMBER
International Standard Book Number 9780702172625
020 ## - INTERNATIONAL STANDARD BOOK NUMBER
International Standard Book Number 0702172626
040 ## - CATALOGING SOURCE
Original cataloging agency DLC
Transcribing agency DLC
Modifying agency DLC
050 00 - LIBRARY OF CONGRESS CALL NUMBER
Classification number BD171
Item number .H54 2006
082 00 - DEWEY DECIMAL CLASSIFICATION NUMBER
Classification number 121
Edition number 22
300 ## - PHYSICAL DESCRIPTION
Other physical details ill. ;
Dimensions 25 cm.
100 1# - MAIN ENTRY--PERSONAL NAME
Personal name Higgs, Philip,
Dates associated with a name 1948-
9 (RLIN) 43415
245 10 - TITLE STATEMENT
Title Rethinking truth /
Statement of responsibility, etc Philip Higgs, Jane Smith.
250 ## - EDITION STATEMENT
Edition statement 2nd ed.
260 ## - PUBLICATION, DISTRIBUTION, ETC. (IMPRINT)
Place of publication, distribution, etc Cape Town, South Africa :
Name of publisher, distributor, etc Juta & Co. Ltd.,
Date of publication, distribution, etc 2006.
300 ## - PHYSICAL DESCRIPTION
Extent iv, 139 p. :
504 ## - BIBLIOGRAPHY, ETC. NOTE
Bibliography, etc Includes bibliographical references (p. 128-131) and index.
650 #0 - SUBJECT ADDED ENTRY--TOPICAL TERM
Topical term or geographic name as entry element Truth.
9 (RLIN) 43416
650 #0 - SUBJECT ADDED ENTRY--TOPICAL TERM
Topical term or geographic name as entry element Truthfulness and falsehood.
9 (RLIN) 43417
650 #0 - SUBJECT ADDED ENTRY--TOPICAL TERM
Topical term or geographic name as entry element Honesty.
9 (RLIN) 43418
650 #0 - SUBJECT ADDED ENTRY--TOPICAL TERM
Topical term or geographic name as entry element Reality.
9 (RLIN) 43419
650 #0 - SUBJECT ADDED ENTRY--TOPICAL TERM
Topical term or geographic name as entry element Knowledge, Theory of.
9 (RLIN) 43420
700 1# - ADDED ENTRY--PERSONAL NAME
Personal name Smith, Jane,
Dates associated with a name 1956-
9 (RLIN) 43421
906 ## - LOCAL DATA ELEMENT F, LDF (RLIN)
a 7
b cbc
c orignew
d 2
e ncip
f 20
g y-gencatlg
942 ## - ADDED ENTRY ELEMENTS (KOHA)
Source of classification or shelving scheme Library of Congress Classification
Koha item type Monograph ( Printed materials)
Holdings
Withdrawn status Lost status Source of classification or shelving scheme Damaged status Not for loan Collection code Home library Current library Shelving location Date acquired Total Checkouts Full call number Barcode Date last seen Price effective from Koha item type
    Library of Congress Classification     Main Collection ARRUPE LIBRARY ARRUPE LIBRARY Main Collection 14/11/2018   BD171 .H54 2006 46600002558 14/11/2018 14/11/2018 Monograph ( Printed materials)

 

Arrupe Library. PO Box MP320 Mt Pleasant, Harare, Zimbabwe
263 242 745411|librarian@aju.ac.zw